000 01088nam0a2200301 4500
001 RU\NLR\ONL2\12589
005 20260201115626.0
035 _a(NLR Aleph) 009660175
090 _a13537756
_c13537756
100 _a20081101d1989 d y0rusy50 ca
101 0 _aaze
102 _aAZ
105 _ay |||||||||
200 1 _ahармониjа дэрслиjи
_eорта ихтисас мусиги мэктэблэринин тэлэбэлэри учун дэрслик
_fН. h. Багыров
210 _aБакы
_cМаариф
_d1989
215 _a499,[5] с.
_d22
541 1 _6z01790
_aУчебник гармонии
_zrus
606 0 _aГармония (муз.)
_91388190
_3RU\NLR\auth\66269933
686 1 _aЩ310.54 я72
700 1 _aБагыров
_bН. h.
_gНазим hидаjэт оглу
_4070
790 1 _6z01541
_aБагиров
_bН. Г.
_gНазим Гидаят оглы
_4070
801 0 _aRU
_bNLR
_c20090129
_gPSBO
852 _aNLR
_bОНЛ
_jАзерб./3-13073
942 _cBOOK
980 _aONL_RF
980 _aNB